Norwegian Oil Industry Model: Potential for Norwegian-Russian Cooperation in the Arctic
Účelom tohto príspevku je opísať faktory, ktoré stoja za vývojom a úspechom nórskeho ropného modelu, jeho inštitucionálnej štruktúry, vládnej regulácie a špeciálneho daňového režimu; rieši aj uplatniteľnosť nórskeho ropného modelu na iné krajiny produkujúce ropu, najmä na ropný priemysel v ruskej Ar...
Saved in:
| Main Author: | |
|---|---|
| Other Authors: | |
| Format: | Book Chapter |
| Language: | English |
| Subjects: | |
| Tags: |
No Tags, Be the first to tag this record!
|
MARC
| LEADER | 00000naa$a2200000$$$4500 | ||
|---|---|---|---|
| 001 | 0289379 | ||
| 005 | 20250205091300.1 | ||
| 041 | 0 | |a eng | |
| 044 | |a SG | ||
| 245 | 1 | 0 | |a Norwegian Oil Industry Model: Potential for Norwegian-Russian Cooperation in the Arctic |c Tatiana Damašková, Mariia I. Ermilova |
| 520 | |a Účelom tohto príspevku je opísať faktory, ktoré stoja za vývojom a úspechom nórskeho ropného modelu, jeho inštitucionálnej štruktúry, vládnej regulácie a špeciálneho daňového režimu; rieši aj uplatniteľnosť nórskeho ropného modelu na iné krajiny produkujúce ropu, najmä na ropný priemysel v ruskej Arktíde, ktoré fungujú v podobných klimatických podmienkach. Príspevok poskytuje prehľad širokej medzinárodnej spolupráce v Arktíde, ako aj tradíciu rusko-nórskej spolupráce a perspektívy do budúcnosti, najmä s ohľadom na prechod na nové zelené technológie a obnoviteľné zdroje energie. Výskum je založený na vládnych a parlamentných zdrojoch, ako aj na vedeckom výskume. | ||
| 610 | 2 | 0 | |a priemysel |
| 610 | 2 | 0 | |a ropa |
| 610 | 2 | 0 | |a energia |
| 610 | 2 | 0 | |a Arktída |
| 610 | 2 | 0 | |a Nórsko |
| 610 | 2 | 0 | |a Rusko |
| 100 | 1 | |a Damašková, Tatiana, 1969- | |
| 700 | 1 | |a Ermilova, Mariia I. | |